000 00341nam a2200133Ia 4500
008 240624s9999 xx 000 0 und d
041 _aeng
082 _a332.024 CHA
100 _aCHARUPAT NARAT
245 _aSTRATEGIC FINANCIAL PLANNING OVER THE LI
260 _c2012
_aNew York
_bCambridge
300 _a367 : p. : cm. ; 28
365 _cRS
999 _c27838
_d27838